[Event "DEM U18 2008"]
[Site "Willingen GER"]
[Date "2008.05.12"]
[Round "3"]
[White "Tereick, Benjamin"]
[Black "Kölsch, Maximilian"]
[Result "1-0"]
[Termination "normal"]
[Board "1"]
[WhiteTitle "FM"]
[WhiteElo "2379"]
[BlackElo "2098"]
[PlyCount "190"]
[WhiteFideId "24607541"]
[BlackFideId "24618462"]
[EventCountry "GER"]
[EventRounds "9"]
[EventType "swiss"]
[EventDate "2008.05.10"]

1. Nf3 c5 2. c4 Nc6 3. d4 cxd4 4. Nxd4 Nf6 5. g3 e6 6. Bg2 Bc5 7. Nb3 Be7 8.
Nc3 d6 9. O-O a6 10. Bf4 O-O 11. Rc1 Nh5 12. Be3 Ne5 13. Na4 Nd7 14. Qd2 Rb8
15. Ba7 Ra8 16. Be3 Rb8 17. Na5 Nhf6 18. h3 Ne5 19. Bb6 Qe8 20. b3 Bd7 21. Bc7
Bxa4 22. Bxb8 Qxb8 23. bxa4 b6 24. Nc6 Nxc6 25. Bxc6 Rc8 26. Bf3 Rc5 27. Qb2
Qc7 28. e3 Nd7 29. Be2 Qc6 30. f4 Qxa4 31. Bd1 Qc6 32. Qg2 Qc8 33. Rc2 Bf8 34.
Qe4 g6 35. Rff2 Nf6 36. Qd3 Nd7 37. Bf3 Rc7 38. Qe4 Nc5 39. Qa8 Qd7 40. Bg2 Rc8
41. Qf3 Nd3 42. Qb7 Qxb7 43. Bxb7 Rc7 44. Rfd2 Nc5 45. Bf3 f5 46. g4 Kf7 47.
Rb2 Nd7 48. Be2 Rc5 49. Kg2 Ke7 50. Kf3 Bg7 51. Rb1 Ra5 52. gxf5 Rxf5 53. Rbd1
Ne5+ 54. Kg2 Nf7 55. Rb1 Bc3 56. Rc2 Ba5 57. c5 dxc5 58. Bxa6 Rd5 59. Be2 Nd6
60. Kf3 Rh5 61. Kg2 Rd5 62. Rb3 Rf5 63. Bg4 Rd5 64. Bf3 Rf5 65. Rd3 c4 66. Rd1
c3 67. Rd3 Rc5 68. e4 Nb5 69. Kf2 Na3 70. Rc1 b5 71. Bd1 Rc7 72. Bb3 b4 73. e5
Bb6+ 74. Ke2 Nb5 75. Rcd1 Ra7 76. Bc4 Na3 77. Bxe6 Bc5 78. Bb3 Nb5 79. Rd5 Rc7
80. Ba4 c2 81. Bxb5 cxd1=Q+ 82. Rxd1 Ra7 83. Bc4 Ra3 84. Bb3 Ra7 85. Kf3 Rd7
86. Bd5 Ra7 87. Ke4 Rd7 88. Rc1 Rc7 89. Bb3 Bb6 90. Rxc7+ Bxc7 91. Bg8 h6 92.
Bb3 Bb6 93. Bc2 Bf2 94. Kf3 Bd4 95. Bxg6 Bc5 1-0

[Event "DEM U18 2008"]
[Site "Willingen GER"]
[Date "2008.05.12"]
[Round "3"]
[White "Dinger, Florian"]
[Black "Borrink, Jörn"]
[Result "0-1"]
[Termination "normal"]
[Board "2"]
[WhiteTitle "FM"]
[WhiteElo "2340"]
[BlackElo "2071"]
[PlyCount "104"]
[WhiteFideId "24605573"]
[BlackFideId "24629359"]
[EventCountry "GER"]
[EventRounds "9"]
[EventType "swiss"]
[EventDate "2008.05.10"]

1. e4 d5 2. exd5 Qxd5 3. Nc3 Qa5 4. d4 Nf6 5. Nf3 Bg4 6. h3 Bh5 7. g4 Bg6 8.
Ne5 Nbd7 9. Nc4 Qa6 10. Bf4 Qe6+ 11. Ne3 Qb6 12. Bg2 e6 13. Nc4 Qa6 14. Qe2
O-O-O 15. O-O Nb6 16. Nxb6+ Qxb6 17. Be3 Nd5 18. Nxd5 exd5 19. b3 Ba3 20. c4
Qa6 21. f4 f6 22. Kf2 dxc4 23. bxc4 Rhe8 24. Rfd1 Re7 25. f5 Bf7 26. Rab1 c6
27. Bf1 Rde8 28. Rb3 Bd6 29. Qc2 Qa5 30. Bd2 Qc7 31. Re1 Rxe1 32. Bxe1 h5 33.
Bd2 h4 34. Re3 Rd8 35. Rd3 Bf4 36. Ke1 Bxd2+ 37. Kxd2 Qf4+ 38. Ke1 Qe4+ 39. Qe2
Qxe2+ 40. Bxe2 Bxc4 41. Re3 Bxe2 42. Kxe2 Rxd4 43. Re7 Rd7 44. Re8+ Kc7 45. Rh8
c5 46. Rxh4 b5 47. g5 fxg5 48. Rg4 c4 49. Rxg5 Kb6 50. h4 c3 51. Rg3 b4 52. Rd3
c2 0-1

[Event "DEM U18 2008"]
[Site "Willingen GER"]
[Date "2008.05.12"]
[Round "3"]
[White "Baldauf, Marco"]
[Black "Dann, Matthias"]
[Result "1-0"]
[Termination "normal"]
[Board "3"]
[WhiteElo "2240"]
[BlackElo "2147"]
[PlyCount "51"]
[WhiteFideId "4688210"]
[BlackFideId "24638056"]
[EventCountry "GER"]
[EventRounds "9"]
[EventType "swiss"]
[EventDate "2008.05.10"]

1. d4 d5 2. c4 c6 3. Nf3 Nf6 4. e3 e6 5. Nc3 Nbd7 6. Bd3 dxc4 7. Bxc4 b5 8. Bb3
Bb7 9. O-O a6 10. e4 c5 11. e5 Nd5 12. Nxd5 Bxd5 13. Re1 cxd4 14. Nxd4 Nc5 15.
Bc2 Be7 16. Qg4 Qa5 17. Be3 g6 18. Bh6 Bf8 19. Bxf8 Rxf8 20. a3 Nd7 21. Be4 f5
22. exf6 Nxf6 23. Bxg6+ hxg6 24. Qxg6+ Kd7 25. Qg7+ Kd6 26. Nf5+ 1-0

[Event "DEM U18 2008"]
[Site "Willingen GER"]
[Date "2008.05.12"]
[Round "3"]
[White "Rudolf, Sebastian"]
[Black "Wagner, Florian"]
[Result "1-0"]
[Termination "normal"]
[Board "4"]
[WhiteElo "2132"]
[BlackElo "2183"]
[PlyCount "79"]
[WhiteFideId "24609390"]
[BlackFideId "4698118"]
[EventCountry "GER"]
[EventRounds "9"]
[EventType "swiss"]
[EventDate "2008.05.10"]

1. e4 c5 2. Nf3 Nc6 3. d4 cxd4 4. Nxd4 e5 5. Nb5 a6 6. Nd6+ Bxd6 7. Qxd6 Qf6 8.
Qxf6 Nxf6 9. Nc3 Nb4 10. Kd2 d6 11. a3 Nc6 12. Nd5 Rb8 13. Bd3 b5 14. b3 Ne7
15. c4 bxc4 16. bxc4 Nd7 17. Kc3 Nc5 18. Bc2 f6 19. Be3 Kf7 20. Rhd1 Be6 21.
Rab1 Rhc8 22. Rb4 a5 23. Rxb8 Rxb8 24. Nc7 Rc8 25. Nb5 Nb7 26. Nxd6+ Nxd6 27.
Rxd6 Rxc4+ 28. Kd3 Rc8 29. Ba4 Bc4+ 30. Kd2 f5 31. Bd7 Rd8 32. Be6+ Bxe6 33.
Rxd8 fxe4 34. Ra8 Nc6 35. Bb6 Bd5 36. Bxa5 Nd4 37. Ra7+ Ke6 38. Bc3 Nb3+ 39.
Ke3 Bb7 40. Rxb7 1-0

[Event "DEM U18 2008"]
[Site "Willingen GER"]
[Date "2008.05.12"]
[Round "3"]
[White "Poetsch, Hagen"]
[Black "Savchenko, Aleksij"]
[Result "1-0"]
[Termination "normal"]
[Board "5"]
[WhiteElo "2267"]
[BlackElo "2163"]
[PlyCount "39"]
[WhiteFideId "24615137"]
[BlackFideId "24611727"]
[EventCountry "GER"]
[EventRounds "9"]
[EventType "swiss"]
[EventDate "2008.05.10"]

1. e4 c5 2. Nf3 d6 3. d4 cxd4 4. Nxd4 Nf6 5. Nc3 a6 6. Bg5 e6 7. f4 Nbd7 8. Bc4
b5 9. Bxe6 fxe6 10. Nxe6 Qa5 11. Qd4 b4 12. Nd5 b3+ 13. Kf2 Kf7 14. axb3 Qb5
15. Ndc7 Qb8 16. Nd8+ Kg6 17. f5+ Kh5 18. h3 Qa7 19. g4+ Kxg5 20. h4+ 1-0

[Event "DEM U18 2008"]
[Site "Willingen GER"]
[Date "2008.05.12"]
[Round "3"]
[White "Lichmann, Peter"]
[Black "Schlötzer, Waldemar"]
[Result "1-0"]
[Termination "normal"]
[Board "6"]
[WhiteElo "2355"]
[BlackElo "2268"]
[PlyCount "73"]
[WhiteFideId "14111268"]
[BlackFideId "24602140"]
[EventCountry "GER"]
[EventRounds "9"]
[EventType "swiss"]
[EventDate "2008.05.10"]

1. d4 d5 2. c4 e6 3. Nc3 Be7 4. cxd5 exd5 5. Bf4 c6 6. e3 Bf5 7. Nge2 Nf6 8.
Ng3 Bg6 9. h4 h6 10. h5 Bh7 11. Bd3 O-O 12. Bxh7+ Kxh7 13. Qc2+ Kh8 14. Nf5 Ne8
15. O-O-O Nd6 16. Nxe7 Qxe7 17. g4 Nd7 18. Rhg1 f6 19. f3 Rfe8 20. Kb1 Nf8 21.
Rge1 Ne6 22. Bxd6 Qxd6 23. f4 Re7 24. Ne2 Qb4 25. a3 Qa5 26. Rf1 Kg8 27. g5
fxg5 28. f5 Nf8 29. f6 Rxe3 30. fxg7 Kxg7 31. Rf2 Qc7 32. Rdf1 Re6 33. Nc1 Rae8
34. Nd3 Qg3 35. Ne5 Qh4 36. Rf7+ Kg8 37. Rxf8+ 1-0

[Event "DEM U18 2008"]
[Site "Willingen GER"]
[Date "2008.05.12"]
[Round "3"]
[White "Heyder, Florian"]
[Black "Beck, Frederik"]
[Result "0-1"]
[Termination "normal"]
[Board "7"]
[BlackTitle "FM"]
[WhiteElo "2067"]
[BlackElo "2315"]
[PlyCount "180"]
[BlackFideId "4687388"]
[EventCountry "GER"]
[EventRounds "9"]
[EventType "swiss"]
[EventDate "2008.05.10"]

1. Nc3 c5 2. Nf3 e6 3. e4 Nc6 4. d4 cxd4 5. Nxd4 Qc7 6. Be2 a6 7. O-O Nf6 8.
Be3 Bb4 9. Na4 Bd6 10. f4 Nxe4 11. Nxc6 bxc6 12. Nb6 Rb8 13. Nxc8 Rxc8 14. Bxa6
Rb8 15. Qd4 Nf6 16. Bc4 O-O 17. g3 c5 18. Qd3 Be7 19. a4 Ng4 20. Bc1 d5 21. Bb5
c4 22. Qe2 Nf6 23. Be3 Ne4 24. Rad1 Nd6 25. f5 Nxf5 26. Rxf5 exf5 27. Rxd5 Bf6
28. Qxc4 Qxc4 29. Bxc4 Bxb2 30. a5 Rfc8 31. Bd3 Rd8 32. Rxd8+ Rxd8 33. a6 Bd4
34. Kf2 Kf8 35. Bxd4 Rxd4 36. Bxf5 Ra4 37. Bd3 Ke7 38. Ke3 Kd6 39. Kd2 h6 40.
Ke3 Ke5 41. Kf3 f5 42. Ke3 g5 43. h3 h5 44. Kf3 h4 45. Kf2 hxg3+ 46. Kxg3 Ra1
47. Kf3 Ra2 48. Kg3 Ra4 49. Kf3 Ra1 50. Kg3 f4+ 51. Kf2 Kd4 52. Kf3 Ke5 53. Kf2
Ra2 54. Kf3 Ra4 55. Kg4 Kf6 56. Kf3 Ra1 57. Kf2 Ke5 58. Kf3 Kd4 59. Kf2 Kc3 60.
Kf3 Kd2 61. Kf2 Ra3 62. Kf3 Ra5 63. h4 gxh4 64. Kxf4 Ke1 65. Kg4 Ra4+ 66. Kh3
Kf2 67. a7 Ke3 68. a8=Q Rxa8 69. Kxh4 Rg8 70. Kh5 Kf4 71. Kh6 Rg3 72. Bg6 Ke5
73. Kh5 Rg2 74. Bd3 Kf6 75. Kh4 Ke5 76. Kh5 Kf6 77. Kh4 Rg5 78. Kh3 Ke5 79. Kh4
Kf4 80. Kh3 Rg7 81. Kh4 Rg5 82. Kh3 Rg8 83. Kh2 Kf3 84. Bf1 Kf2 85. Bh3 Rh8 86.
c4 Rh5 87. c5 Rxc5 88. Bg4 Rc6 89. Bf5 Rh6+ 90. Bh3 Rh7 0-1

[Event "DEM U18 2008"]
[Site "Willingen GER"]
[Date "2008.05.12"]
[Round "3"]
[White "Sergin, Mark"]
[Black "Zeldin, Leonid"]
[Result "1/2-1/2"]
[Termination "normal"]
[Board "8"]
[WhiteElo "2186"]
[BlackElo "2068"]
[PlyCount "57"]
[WhiteFideId "24615307"]
[BlackFideId "24636088"]
[EventCountry "GER"]
[EventRounds "9"]
[EventType "swiss"]
[EventDate "2008.05.10"]

1. e4 d6 2. d4 Nf6 3. Nc3 e5 4. Nf3 exd4 5. Nxd4 Be7 6. Bf4 O-O 7. Qd2 Nc6 8.
O-O-O Nxd4 9. Qxd4 Be6 10. f3 Nd7 11. Qe3 Bf6 12. g4 Be5 13. h4 Bxf4 14. Qxf4
Qf6 15. Qg3 Nc5 16. f4 Qe7 17. Bd3 c6 18. f5 Bd7 19. g5 Rad8 20. f6 Qe5 21. Qf3
g6 22. Rdg1 Be6 23. h5 Rd7 24. Rh4 Nxd3+ 25. cxd3 d5 26. Qg3 Qxg3 27. Rxg3 dxe4
28. dxe4 b5 29. hxg6 1/2-1/2

[Event "DEM U18 2008"]
[Site "Willingen GER"]
[Date "2008.05.12"]
[Round "3"]
[White "Carlstedt, Jonathan"]
[Black "Müller, Reinhold"]
[Result "0-1"]
[Termination "normal"]
[Board "9"]
[WhiteElo "2179"]
[BlackElo "2172"]
[PlyCount "62"]
[WhiteFideId "24614386"]
[BlackFideId "24605875"]
[EventCountry "GER"]
[EventRounds "9"]
[EventType "swiss"]
[EventDate "2008.05.10"]

1. c4 c5 2. g3 g6 3. Bg2 Bg7 4. Nc3 Nc6 5. d3 e6 6. e4 d6 7. Nge2 Nge7 8. Be3
Nd4 9. Qd2 O-O 10. O-O Nec6 11. f4 Rb8 12. Rab1 b5 13. cxb5 Nxb5 14. Nxb5 Rxb5
15. e5 d5 16. Rfc1 Qd6 17. d4 c4 18. Nc3 Rb4 19. a3 Rb3 20. Na4 Qb8 21. Nc5 Rb5
22. a4 Rb4 23. Qd1 Rxb2 24. Rxb2 Qxb2 25. Rc2 Qb6 26. Qc1 Rd8 27. Bf2 Bf8 28.
Qd2 Nxd4 29. Qxd4 Qb1+ 30. Be1 Qxe1+ 31. Bf1 Qa5 0-1

[Event "DEM U18 2008"]
[Site "Willingen GER"]
[Date "2008.05.12"]
[Round "3"]
[White "Holgert, Michael"]
[Black "Glantz, Robert"]
[Result "0-1"]
[Termination "normal"]
[Board "10"]
[WhiteElo "2004"]
[BlackElo "2101"]
[PlyCount "84"]
[WhiteFideId "24668990"]
[BlackFideId "24629596"]
[EventCountry "GER"]
[EventRounds "9"]
[EventType "swiss"]
[EventDate "2008.05.10"]

1. d4 Nf6 2. Nf3 g6 3. Nc3 d5 4. Bf4 Bg7 5. Qd2 O-O 6. Bh6 Nc6 7. Bxg7 Kxg7 8.
e3 Ne4 9. Nxe4 dxe4 10. Ng5 e5 11. Nxe4 exd4 12. O-O-O Re8 13. Bd3 Bf5 14. Ng3
Bxd3 15. cxd3 Qd5 16. Kb1 Qxg2 17. Rdg1 Qh3 18. e4 Kh8 19. Nf5 f6 20. Rg3 Qh5
21. Nh6 Kg7 22. Nf5+ Kf8 23. Nh6 Re6 24. Rhg1 Rae8 25. Qf4 Ne5 26. Ng4 Ke7 27.
Rc1 c6 28. Nxe5 Rxe5 29. Qd2 Rb5 30. e5 fxe5 31. Rg5 Qxh2 32. a4 Rd5 33. Qb4+
Kf6 34. Rgg1 Re7 35. Rh1 Qf4 36. Rc5 Rxc5 37. Qxc5 Rf7 38. Re1 Qf5 39. Qd6+ Qe6
40. Qd8+ Kg7 41. Rh1 Qe7 42. Qc8 Rxf2 0-1

[Event "DEM U18 2008"]
[Site "Willingen GER"]
[Date "2008.05.12"]
[Round "3"]
[White "Wendling, Hannes"]
[Black "Stips, Felix"]
[Result "1-0"]
[Termination "normal"]
[Board "11"]
[WhiteElo "2127"]
[BlackElo "2095"]
[PlyCount "61"]
[WhiteFideId "24624284"]
[BlackFideId "825263"]
[EventCountry "GER"]
[EventRounds "9"]
[EventType "swiss"]
[EventDate "2008.05.10"]

1. e4 e5 2. Nf3 Nf6 3. Nxe5 Nxe4 4. Nf3 d5 5. d3 Nf6 6. Bg5 Be7 7. Be2 O-O 8.
O-O Bg4 9. Nd4 Bxe2 10. Qxe2 Re8 11. Qf3 g6 12. Nc3 c6 13. Rae1 Nfd7 14. Qe3 f6
15. Qe6+ Kh8 16. Qf7 Rf8 17. Qxe7 fxg5 18. Qxd8 Rxd8 19. Ne6 Rc8 20. Nxg5 Nf6
21. Nf7+ Kg8 22. Nd6 Rc7 23. Ne8 Rf7 24. Nxf6+ Rxf6 25. Re8+ Rf8 26. Rfe1 Kf7
27. R8e7+ Kf6 28. R1e6+ Kf5 29. Ne2 Na6 30. Nd4+ Kg5 31. Rxh7 1-0

[Event "DEM U18 2008"]
[Site "Willingen GER"]
[Date "2008.05.12"]
[Round "3"]
[White "Farmani Anosheh, Armin"]
[Black "Czybik, Nils Patrick"]
[Result "0-1"]
[Termination "normal"]
[Board "12"]
[WhiteElo "2168"]
[BlackElo "2072"]
[PlyCount "80"]
[WhiteFideId "24613240"]
[BlackFideId "24632040"]
[EventCountry "GER"]
[EventRounds "9"]
[EventType "swiss"]
[EventDate "2008.05.10"]

1. e4 c5 2. Nf3 g6 3. d4 cxd4 4. Nxd4 Bg7 5. c4 Nc6 6. Nc2 Nf6 7. Nc3 d6 8. Be2
O-O 9. O-O Be6 10. Be3 Na5 11. b3 Rc8 12. Rc1 Nc6 13. Qd2 Qa5 14. f3 Ng4 15. b4
Qe5 16. fxg4 Qxc3 17. Qxc3 Bxc3 18. b5 Ne5 19. Bxa7 Ba5 20. Nd4 b6 21. Nb3 Ra8
22. Nxa5 Rxa7 23. Nb3 Rxa2 24. Nd4 Rfa8 25. h3 Rd2 26. Rfd1 Raa2 27. Bf1 Bxc4
28. Bxc4 Rxd1+ 29. Rxd1 Nxc4 30. Rc1 Ra4 31. Nc6 Kf8 32. Kf2 Nd2 33. e5 d5 34.
Rd1 Ne4+ 35. Ke3 e6 36. Rc1 Ra2 37. Nb8 Nc5 38. Rb1 Ke8 39. Kd4 Rxg2 40. Na6
Rc2 0-1

[Event "DEM U18 2008"]
[Site "Willingen GER"]
[Date "2008.05.12"]
[Round "3"]
[White "Denisow, Jewgeny"]
[Black "Daug, Jörn-Henning"]
[Result "1/2-1/2"]
[Termination "normal"]
[Board "13"]
[WhiteElo "2076"]
[BlackElo "1734"]
[PlyCount "107"]
[WhiteFideId "24631116"]
[BlackFideId "24616974"]
[EventCountry "GER"]
[EventRounds "9"]
[EventType "swiss"]
[EventDate "2008.05.10"]

1. e4 c5 2. d4 cxd4 3. c3 dxc3 4. Nxc3 Nc6 5. Nf3 g6 6. Bc4 Bg7 7. h4 d6 8. h5
Bg4 9. Bxf7+ Kxf7 10. Ng5+ Ke8 11. Qxg4 Qc8 12. Ne6 Bxc3+ 13. bxc3 Ne5 14. Qh3
gxh5 15. Qxh5+ Kd7 16. O-O Nf6 17. Qf5 Qg8 18. Ng5+ Kd8 19. f4 Neg4 20. Ne6+
Kd7 21. Nd4+ e6 22. Qb5+ Kc7 23. Rb1 Rb8 24. Qc4+ Kd8 25. Nc6+ Kd7 26. Nxb8+
Qxb8 27. Rd1 Rc8 28. Qd3 a6 29. Kf1 Qc7 30. Ba3 d5 31. e5 Ne8 32. Qxh7+ Kc6 33.
Qd3 Qf7 34. Qd4 b5 35. Bc1 Qh7 36. Be3 Kd7 37. Qa7+ Rc7 38. Qd4 Rc4 39. Qd2 Re4
40. Bg1 Ng7 41. c4 Nf5 42. Rb3 bxc4 43. Rf3 Qh4 44. Qb4 Ng3+ 45. Rxg3 Qxg3 46.
Qd6+ Ke8 47. Qxe6+ Kf8 48. Bc5+ Kg7 49. Qe7+ Kh8 50. Qe8+ Kh7 51. Qf7+ Kh8 52.
Qh5+ Kg8 53. Qe8+ Kh7 54. Qf7+ 1/2-1/2

[Event "DEM U18 2008"]
[Site "Willingen GER"]
[Date "2008.05.13"]
[Round "4"]
[White "Borrink, Jörn"]
[Black "Baldauf, Marco"]
[Result "0-1"]
[Termination "normal"]
[Board "1"]
[WhiteElo "2071"]
[BlackElo "2240"]
[PlyCount "66"]
[WhiteFideId "24629359"]
[BlackFideId "4688210"]
[EventCountry "GER"]
[EventRounds "9"]
[EventType "swiss"]
[EventDate "2008.05.10"]

1. e4 e6 2. d4 d5 3. Nd2 c5 4. Ngf3 cxd4 5. exd5 Qxd5 6. Bc4 Qd6 7. O-O Nf6 8.
Re1 Nc6 9. Nb3 a6 10. Nbxd4 Nxd4 11. Nxd4 Qc7 12. Bd3 Bd6 13. g3 O-O 14. Bg5
Be5 15. c3 Nd5 16. Nf3 Bf6 17. c4 Bxg5 18. Nxg5 Nf6 19. Qc2 h6 20. Ne4 Nxe4 21.
Bxe4 Bd7 22. Red1 Bc6 23. Rd2 Rfc8 24. Rad1 Be8 25. Qd3 Rab8 26. b3 b5 27. cxb5
axb5 28. b4 Qc4 29. Qxc4 Rxc4 30. Rd4 Rbc8 31. a3 Kf8 32. Kg2 Ke7 33. Kf3 f5
0-1

[Event "DEM U18 2008"]
[Site "Willingen GER"]
[Date "2008.05.13"]
[Round "4"]
[White "Rudolf, Sebastian"]
[Black "Tereick, Benjamin"]
[Result "1-0"]
[Termination "normal"]
[Board "2"]
[BlackTitle "FM"]
[WhiteElo "2132"]
[BlackElo "2379"]
[PlyCount "111"]
[WhiteFideId "24609390"]
[BlackFideId "24607541"]
[EventCountry "GER"]
[EventRounds "9"]
[EventType "swiss"]
[EventDate "2008.05.10"]

1. e4 e6 2. d4 d5 3. Nc3 Nf6 4. Bg5 Bb4 5. e5 h6 6. Bd2 Bxc3 7. bxc3 Ne4 8. Qg4
g6 9. Qf4 c5 10. Bd3 Nxd2 11. Qxd2 Bd7 12. Nf3 Bc6 13. h4 Nd7 14. h5 g5 15. Nh2
c4 16. Be2 f5 17. exf6 Nxf6 18. Qe3 Qd6 19. Ng4 Nxg4 20. Bxg4 Kd7 21. O-O Raf8
22. Rae1 Rf6 23. Qh3 Re8 24. Re2 Kc7 25. Rfe1 Bd7 26. Re5 Qa3 27. Kh2 Rf4 28.
Kg1 Qxa2 29. Bxe6 Qxc2 30. Rf1 Qh7 31. Qe3 Qd3 32. Bxd5 Qxe3 33. Rxe3 Rxe3 34.
fxe3 Rxf1+ 35. Kxf1 b5 36. Bf7 Bf5 37. Bg6 Bg4 38. Ke1 a5 39. Kd2 a4 40. Kc2
Be2 41. Kb2 Kd7 42. Ka3 Bd3 43. e4 Ke7 44. Kb4 Bf1 45. g3 Bd3 46. e5 Kd7 47. d5
Ke7 48. d6+ Kd7 49. Ka3 Be2 50. Bf5+ Kc6 51. d7 Kc7 52. e6 Kd8 53. Kb4 Bxh5 54.
Kc5 Be8 55. Kd6 Bxd7 56. e7+ 1-0

[Event "DEM U18 2008"]
[Site "Willingen GER"]
[Date "2008.05.13"]
[Round "4"]
[White "Poetsch, Hagen"]
[Black "Lichmann, Peter"]
[Result "0-1"]
[Termination "normal"]
[Board "3"]
[WhiteElo "2267"]
[BlackElo "2355"]
[PlyCount "98"]
[WhiteFideId "24615137"]
[BlackFideId "14111268"]
[EventCountry "GER"]
[EventRounds "9"]
[EventType "swiss"]
[EventDate "2008.05.10"]

1. e4 c5 2. Nf3 e6 3. Nc3 a6 4. d4 cxd4 5. Nxd4 Qc7 6. Bd3 b5 7. O-O Bb7 8. Qe2
d6 9. a4 b4 10. Na2 Nf6 11. Nxb4 d5 12. Nxd5 exd5 13. exd5+ Kd8 14. Bg5 Bd6 15.
Rfe1 h6 16. Qh5 Bxh2+ 17. Kf1 Be5 18. Nf5 Rg8 19. d6 Bxd6 20. Nxh6 Bxg2+ 21.
Kxg2 gxh6 22. Qxh6 Qc5 23. Qxf6+ Be7 24. Re5 Qxe5 25. Qxe5 Rxg5+ 26. Qxg5 Bxg5
27. Rd1 Ke7 28. Re1+ Kf8 29. Re5 Bf6 30. Rc5 Nd7 31. Rc7 Ne5 32. Be4 Rb8 33. b3
Bd8 34. Ra7 a5 35. Bd5 Bb6 36. Ra6 Ng4 37. Kf3 Nf6 38. Bc6 Ke7 39. Ke2 Kd6 40.
Bf3 Nd5 41. Bxd5 Kxd5 42. Kd3 Kc5 43. c3 Rd8+ 44. Ke4 Kc6 45. b4 Kb7 46. b5
Re8+ 47. Kd3 Re1 48. c4 Rc1 49. f3 f6 0-1

[Event "DEM U18 2008"]
[Site "Willingen GER"]
[Date "2008.05.13"]
[Round "4"]
[White "Beck, Frederik"]
[Black "Kölsch, Maximilian"]
[Result "0-1"]
[Termination "normal"]
[Board "4"]
[WhiteTitle "FM"]
[WhiteElo "2315"]
[BlackElo "2098"]
[PlyCount "62"]
[WhiteFideId "4687388"]
[BlackFideId "24618462"]
[EventCountry "GER"]
[EventRounds "9"]
[EventType "swiss"]
[EventDate "2008.05.10"]

1. e4 c5 2. Nf3 e6 3. d4 cxd4 4. Nxd4 a6 5. Nc3 Qc7 6. g3 Bb4 7. Bd2 Nc6 8.
Nxc6 dxc6 9. Qg4 Bf8 10. Bg2 Nf6 11. Qe2 Be7 12. e5 Nd5 13. O-O b5 14. f4 O-O
15. Ne4 Bb7 16. b3 c5 17. c4 bxc4 18. bxc4 Nb4 19. Be3 Rfd8 20. Rab1 Rab8 21.
a3 Nc6 22. Nxc5 Nd4 23. Bxd4 Bxg2 24. Kxg2 Rxb1 25. Rxb1 Rxd4 26. Ne4 Qc6 27.
Rb8+ Bf8 28. Kf3 f5 29. exf6 gxf6 30. Qe3 Rxc4 31. Rb3 Qd5 0-1

[Event "DEM U18 2008"]
[Site "Willingen GER"]
[Date "2008.05.13"]
[Round "4"]
[White "Savchenko, Aleksij"]
[Black "Dinger, Florian"]
[Result "1/2-1/2"]
[Termination "normal"]
[Board "5"]
[BlackTitle "FM"]
[WhiteElo "2163"]
[BlackElo "2340"]
[PlyCount "137"]
[WhiteFideId "24611727"]
[BlackFideId "24605573"]
[EventCountry "GER"]
[EventRounds "9"]
[EventType "swiss"]
[EventDate "2008.05.10"]

1. d4 Nf6 2. Nf3 e6 3. e3 b6 4. Bd3 Bb7 5. O-O d5 6. b3 Nbd7 7. Bb2 c5 8. dxc5
Bxc5 9. Nbd2 O-O 10. Qe2 Be7 11. c4 Nc5 12. Bc2 a5 13. Rfd1 Qc7 14. Be5 Qc8 15.
Rac1 Nfd7 16. Bf4 f6 17. cxd5 e5 18. Bg3 Bxd5 19. Nh4 Bf7 20. Nf5 Qe8 21. Nc4
Bh5 22. f3 Qf7 23. Rxd7 Nxd7 24. Qd3 Bg6 25. Qxd7 Bc5 26. Qxf7+ Rxf7 27. a4 Rd7
28. Kf2 Bf7 29. Ke2 Rad8 30. Be1 Bxc4+ 31. bxc4 g6 32. Ng3 f5 33. Bc3 Kf7 34.
Nf1 Ke6 35. Rd1 Rxd1 36. Bxd1 h5 37. Nd2 Rc8 38. f4 e4 39. Nb3 Ra8 40. Bd4 Kd6
41. Kf2 Kc6 42. Nxc5 bxc5 43. Bc3 h4 44. g3 hxg3+ 45. Kxg3 Ra7 46. Kh4 Rh7+ 47.
Kg5 Rxh2 48. Kxg6 Rh1 49. Bh5 Kd6 50. Bxa5 Ke6 51. Bb6 Rc1 52. Kg7 Kd6 53. Bf7
Rc3 54. Kf6 Rxe3 55. Kxf5 Rb3 56. Bd8 e3 57. Bh5 Rb4 58. Kg6 Rxc4 59. f5 Re4
60. Be2 Re8 61. Ba5 Rg8+ 62. Kf7 Rg2 63. Bb5 Kd5 64. f6 c4 65. Ke7 Rg4 66. f7
Re4+ 67. Kd7 Rf4 68. Ke7 Re4+ 69. Kd7 1/2-1/2

[Event "DEM U18 2008"]
[Site "Willingen GER"]
[Date "2008.05.13"]
[Round "4"]
[White "Dann, Matthias"]
[Black "Wagner, Florian"]
[Result "1-0"]
[Termination "normal"]
[Board "6"]
[WhiteElo "2147"]
[BlackElo "2183"]
[PlyCount "71"]
[WhiteFideId "24638056"]
[BlackFideId "4698118"]
[EventCountry "GER"]
[EventRounds "9"]
[EventType "swiss"]
[EventDate "2008.05.10"]

1. e4 c5 2. Nf3 Nc6 3. d4 cxd4 4. Nxd4 e5 5. Nb5 a6 6. Nd6+ Bxd6 7. Qxd6 Qf6 8.
Qd1 Qg6 9. Nc3 d5 10. Nxd5 Qxe4+ 11. Be3 Nd4 12. Nc7+ Ke7 13. Rc1 Bg4 14. Qd3
Qxd3 15. Bxd3 Rd8 16. h3 Bc8 17. f4 Kd6 18. Na8 f6 19. c3 Nc6 20. Rd1 Ke7 21.
fxe5 fxe5 22. Bb6 Rd5 23. Nc7 Rd7 24. Bc5+ Kf7 25. Nd5 Nf6 26. Nb6 Rdd8 27.
Nxc8 Rxc8 28. O-O Rhd8 29. Bb6 Re8 30. Bxh7 Ne7 31. Bc2 Rc6 32. Bb3+ Kg6 33.
Be3 e4 34. g4 Rh8 35. Kg2 Rf8 36. Kg3 1-0

[Event "DEM U18 2008"]
[Site "Willingen GER"]
[Date "2008.05.13"]
[Round "4"]
[White "Glantz, Robert"]
[Black "Zeldin, Leonid"]
[Result "0-1"]
[Termination "normal"]
[Board "8"]
[WhiteElo "2101"]
[BlackElo "2068"]
[PlyCount "100"]
[WhiteFideId "24629596"]
[BlackFideId "24636088"]
[EventCountry "GER"]
[EventRounds "9"]
[EventType "swiss"]
[EventDate "2008.05.10"]

1. e4 d6 2. d4 Nf6 3. Nc3 e5 4. Nf3 exd4 5. Nxd4 Be7 6. Bf4 O-O 7. Qd2 Nc6 8.
O-O-O Nxd4 9. Qxd4 Be6 10. f3 Nd7 11. Qd2 Bf6 12. Kb1 a6 13. g4 Be5 14. Bxe5
dxe5 15. Qe3 Qe7 16. Be2 Nb6 17. Nd5 Bxd5 18. exd5 Rad8 19. c4 Qb4 20. Rc1 Na4
21. Rc2 Rfe8 22. Rd1 c6 23. a3 Qe7 24. Qb3 Nc5 25. Qb4 e4 26. fxe4 Nxe4 27.
Qxe7 Rxe7 28. dxc6 Rxd1+ 29. Bxd1 bxc6 30. Bf3 g6 31. g5 Nxg5 32. Bxc6 Ne6 33.
Rd2 Kg7 34. b4 Kf6 35. b5 axb5 36. cxb5 Nc5 37. b6 Na6 38. b7 Rc7 39. Bg2 Ke7
40. Rb2 Nb8 41. a4 Rc5 42. Ra2 Ra5 43. Kb2 Kd6 44. Kb3 Kc5 45. Rc2+ Kb6 46. Rc8
Ka7 47. Kb4 Rh5 48. h3 Rg5 49. Be4 Rh5 50. Rc5 Na6+ 0-1

[Event "DEM U18 2008"]
[Site "Willingen GER"]
[Date "2008.05.13"]
[Round "4"]
[White "Czybik, Nils Patrick"]
[Black "Sergin, Mark"]
[Result "0-1"]
[Termination "normal"]
[Board "9"]
[WhiteElo "2072"]
[BlackElo "2186"]
[PlyCount "66"]
[WhiteFideId "24632040"]
[BlackFideId "24615307"]
[EventCountry "GER"]
[EventRounds "9"]
[EventType "swiss"]
[EventDate "2008.05.10"]

1. Nf3 Nf6 2. g3 b6 3. Bg2 Bb7 4. c4 c5 5. O-O e6 6. Nc3 d6 7. d4 cxd4 8. Nxd4
Bxg2 9. Kxg2 a6 10. e4 Qc7 11. Qe2 Nbd7 12. Bd2 Rc8 13. b3 Be7 14. Rac1 O-O 15.
f4 Nc5 16. f5 a5 17. g4 Nfd7 18. g5 Rfe8 19. Rf3 Ne5 20. Rh3 g6 21. f6 Bf8 22.
Bf4 Qb7 23. Qe1 h5 24. gxh6 Ned3 25. h7+ Kh8 26. Qh4 Nxf4+ 27. Qxf4 e5 28. Qd2
exd4 29. Nd5 Rxe4 30. a3 Rce8 31. Kg1 Qd7 32. Rg3 d3 33. b4 Nb3 0-1